00422nam a2200109Ia 4500008004100000050002300041100002800064245007900092260008600171300002800257521002700285140724s9999 xx 000 0 und d aT 58.4b.C957 2014 aCruz, Isaiah Gabriel G. 4aThe payroll system of Kumon Alabang Town Center /cIsaiah Gabriel G. Cruz. aLas Piñas, Philippines :bSouthville International School and Colleges,cc2014. a59 p. :bill. ;c28 cm. aInformation Technology